[Event "AUTO-ADV-2098"]
[Site "http://www.queenalice.com/game.php?id=912392"]
[Date "2011.3.14"]
[Round "1"]
[White "cybermalk"]
[Black "tlalexandri"]
[Result "1-0"]
[WhiteElo "1818"]
[BlackElo "1593"]

1. d4 d5 2. Nc3 Nf6 3. Bf4 a6 4. e3 e6 5. h3 Bb4 6. a3 Bxc3+ 7. bxc3 Ne4 8. Qd3
O-O 9. h4 Nc6 10. f3 e5 11. fxe4 exf4 12. O-O-O Bg4 13. Be2 dxe4 14. Qxe4 fxe3
15. Bxg4 Re8 16. Qf3 g6 17. h5 Qg5 18. Ne2 Rad8 19. hxg6 fxg6 20. Qh3 Kg7 21.
Qxh7+ Kf6 22. Rdf1+ Qf5 23. Bxf5 gxf5 24. Qxf5+ Ke7 25. Rh7+ Kd6 26. Rh6+ 1-0

[Event "AUTO-ADV-2098"]
[Site "http://www.queenalice.com/game.php?id=912393"]
[Date "2011.3.14"]
[Round "1"]
[White "tlalexandri"]
[Black "cybermalk"]
[Result "0-1"]
[WhiteElo "1597"]
[BlackElo "1825"]

1. e4 e5 2. Bc4 Nf6 3. d3 Bb4+ 4. Bd2 Bc5 5. Bg5 h6 6. Bd2 O-O 7. Nf3 d6 8. O-O
Bg4 9. h3 Bxf3 10. Qxf3 Nc6 11. Qg3 Nd4 12. Bxh6 Ne2+ 13. Kh2 Nxg3 14. fxg3 gxh6
15. Nc3 a6 16. Nd5 Nxd5 17. Bxd5 c6 18. Bc4 b5 19. Bb3 a5 20. a4 b4 21. Rf3 Bd4
22. c4 bxc3 23. bxc3 Bxc3 24. Rc1 Bb4 25. Rxc6 Rc8 26. Ra6 Rc3 27. Ba2 Ra3 28.
Bd5 Rxa4 29. Ra7 Qe8 30. Rc7 Bc5 31. Bc6 Qd8 32. Rd7 Qxd7 33. Bxd7 Rd4 34. Bc6
a4 35. Bd5 a3 36. g4 Ra4 37. Rf2 Bxf2 0-1

[Event "AUTO-ADV-2098"]
[Site "http://www.queenalice.com/game.php?id=912410"]
[Date "2011.3.14"]
[Round "1"]
[White "tlalexandri"]
[Black "justeldiablo"]
[Result "0-1"]
[WhiteElo "1601"]
[BlackElo "1801"]

1. e4 c5 2. Bc4 e6 3. Nf3 Nf6 4. d3 h6 5. h3 Be7 6. e5 Nd5 7. O-O Nb6 8. Nc3 Nc6
9. a3 Nxc4 10. dxc4 d6 11. Rb1 a6 12. Bf4 O-O 13. exd6 Bg5 14. Nxg5 hxg5 15.
Bxg5 Qxg5 16. d7 Rd8 17. dxc8=Q Raxc8 18. Qg4 Qe5 19. Rbe1 Qc7 20. Ne4 Nd4 21.
Nf6+ Kf8 0-1

[Event "AUTO-ADV-2098"]
[Site "http://www.queenalice.com/game.php?id=912411"]
[Date "2011.3.14"]
[Round "1"]
[White "justeldiablo"]
[Black "tlalexandri"]
[Result "1-0"]
[WhiteElo "1792"]
[BlackElo "1610"]

1. d4 Nf6 2. Nc3 d5 3. e3 a6 4. h3 e6 5. Bd3 Bb4 6. Ne2 O-O 7. O-O Nc6 8. Nb1 e5
9. c3 e4 10. cxb4 Nxb4 11. Bc2 Nh5 12. Ng3 Nxg3 13. fxg3 Qd6 14. g4 Nxc2 15.
Qxc2 c6 16. b3 b5 17. a4 bxa4 18. Ba3 Qg3 19. Bxf8 Qxe3+ 20. Kh1 Qxd4 21. Rxa4
1-0

[Event "AUTO-ADV-2098"]
[Site "http://www.queenalice.com/game.php?id=912412"]
[Date "2011.3.14"]
[Round "1"]
[White "tlalexandri"]
[Black "juim"]
[Result "1-0"]
[WhiteElo "1554"]
[BlackElo "1633"]

1. e4 e5 2. Nc3 d6 3. d3 Bd7 4. f4 exf4 5. Bxf4 Nf6 6. h3 Nc6 7. Nge2 Nb4 8. a3
Nc6 9. Bg5 Be7 10. Qd2 O-O 11. O-O-O h6 12. Bxh6 Nh7 13. Be3 Bg5 14. h4 Bxe3 15.
Qxe3 Ne5 16. Qg3 Nf6 17. Nf4 Nfg4 18. Nh5 g6 19. Nf4 c5 20. Be2 b5 21. Nxb5 Qb6
22. d4 cxd4 23. Nd5 Qc5 24. Rxd4 a6 25. b4 Qc8 26. Ne7+ Kg7 27. Nxc8 axb5 28.
Nxd6 Nc6 29. Rd5 Be6 30. Nxb5 Nxb4 31. axb4 Ra1+ 32. Kb2 Raa8 33. Rdd1 Rh8 34.
Bxg4 Bc4 35. Qc3+ f6 36. Qxc4 Rhe8 37. Rd7+ Kh6 38. Qf7 Rh8 39. Qg7# 1-0

[Event "AUTO-ADV-2098"]
[Site "http://www.queenalice.com/game.php?id=912413"]
[Date "2011.3.14"]
[Round "1"]
[White "juim"]
[Black "tlalexandri"]
[Result "1-0"]
[WhiteElo "1619"]
[BlackElo "1590"]

1. e4 e5 2. d3 h6 3. Nf3 Nc6 4. Be2 Nf6 5. Be3 Bb4+ 6. Bd2 Bc5 7. O-O O-O 8. Nc3
d6 9. Na4 b5 10. Nxc5 dxc5 11. a4 b4 12. a5 a6 13. c3 Rb8 14. cxb4 cxb4 15. Rc1
Bd7 16. Be3 Nxa5 17. Ra1 Nc6 18. Rxa6 b3 19. d4 Nxe4 20. d5 Nb4 21. Qxb3 Nxa6
22. Qa3 Nb4 23. Ne1 Bb5 24. f3 Bxe2 25. fxe4 Bxf1 26. Kxf1 Qf6+ 27. Nf3 Nc2 28.
Qc3 Nxe3+ 29. Qxe3 Rxb2 30. Qc1 Rfb8 31. Qc4 Rb1+ 32. Kf2 R8b2+ 33. Kg3 Qf4+ 34.
Kh3 Kh7 35. Qxc7 g5 36. Nxg5+ 1-0

[Event "Challenge"]
[Site "http://www.queenalice.com/game.php?id=917699"]
[Date "2011.3.26"]
[Round "-"]
[White "brviking"]
[Black "tlalexandri"]
[Result "0-1"]
[WhiteElo "1461"]
[BlackElo "1586"]

1. e4 e5 2. Nf3 Nc6 3. d4 exd4 4. Nxd4 Qh4 5. Nc3 Nxd4 6. Qxd4 Nf6 7. g3 Qg4 8.
h3 Qf3 9. Rg1 Bb4 10. Qxb4 d6 11. Bg2 Qh5 12. Rh1 O-O 13. f3 Re8 14. Be3 d5 15.
Nxd5 Nxd5 16. Qc5 c6 17. Bf2 Qe5 18. O-O-O Nb6 19. Qa3 Nc4 20. Qb4 b5 21. f4 Qe6
22. b3 a5 23. Qc5 Rb8 24. f5 Qh6+ 25. Kb1 Nd2+ 26. Rxd2 Qxd2 27. Qxc6 Bb7 28.
Qc5 Rbc8 0-1

[Event "Challenge"]
[Site "http://www.queenalice.com/game.php?id=931920"]
[Date "2011.4.29"]
[Round "-"]
[White "carloscolangelo"]
[Black "tlalexandri"]
[Result "1-0"]
[WhiteElo "1461"]
[BlackElo "1575"]

1. e4 e5 2. Nf3 Nc6 3. Bc4 h6 4. a3 d6 5. O-O Bg4 6. h3 Be6 7. Bb3 Bxb3 8. cxb3
Nf6 9. Nc3 Nd4 10. Nxd4 exd4 11. Nd5 Nxd5 12. exd5 Be7 13. b4 O-O 14. b3 Bf6 15.
Bb2 c6 16. dxc6 bxc6 17. Qg4 c5 18. bxc5 dxc5 19. b4 Rb8 20. Rab1 c4 21. Qg3 c3
22. dxc3 d3 23. Rbd1 d2 24. Qe3 Bg5 25. Qd4 a5 26. c4 Qxd4 27. Bxd4 axb4 28. Be3
Bxe3 29. fxe3 Rfd8 30. axb4 Rxb4 31. Rf2 Rxc4 32. Rfxd2 1-0

[Event "AUTO-INT-2093"]
[Site "http://www.queenalice.com/game.php?id=963030"]
[Date "2011.7.21"]
[Round "1"]
[White "santiaguinoazul"]
[Black "tlalexandri"]
[Result "1-0"]
[WhiteElo "1685"]
[BlackElo "1573"]

1. e4 e5 2. Nf3 Nc6 3. Nc3 Nf6 4. Bc4 a6 5. Ng5 h6 6. Nxf7 Qe7 7. Nxh8 b5 8. Ng6
Qc5 9. Nxf8 bxc4 10. Ng6 Ng4 11. Qxg4 Bb7 12. Nd5 O-O-O 13. b4 Nxb4 14. Nge7+
Kb8 15. O-O Nxc2 16. Rb1 Ka7 17. Qxg7 c6 18. Qxe5 cxd5 19. Qb2 1-0